[Event "COL-ch sf 2nd"]
[Site "Tunja"]
[Date "2018.04.21"]
[Round "9"]
[White "Suarez Ardila, Luisa Maria"]
[Black "Rozo, Claudia Magally"]
[Result "0-1"]
[WhiteElo "1418"]
[BlackElo "1688"]
[PlyCount "86"]
[EventDate "2018.04.17"]
[EventType "swiss"]
[EventRounds "10"]
[EventCountry "COL"]
[SourceTitle "CBM 184 Extra"]
[Source "ChessBase"]
[SourceDate "2018.06.28"]
[SourceVersion "1"]
[SourceVersionDate "2018.06.28"]
[SourceQuality "1"]

1. e4 c5 2. Nf3 d6 3. d4 cxd4 4. Nxd4 Nf6 5. Nc3 a6 6. Be3 e5 7. Nb3 Be6 8. Qd2 Nbd7 9. f4 exf4 10. Bxf4 Ne5 11. 0-0-0 Qc7 12. Bg5 Be7 13. Bxf6 gxf6 14. Nd5 Bxd5 15. Qxd5 Rc8 16. c3 b5 17. Be2 Rg8 18. g3 Rg5 19. Qd2 Qb6 20. Kb1 a5 21. Nd4 b4 22. cxb4 axb4 23. Bb5+ Kf8 24. Qxb4 d5 25. Qe1 Bc5 26. Qc3 Rc7 27. a4 dxe4 28. Qd2 Nd3 29. Bxd3 exd3 30. Nb5 Rd7 31. Rhe1 Kg7 32. Re8 Rf5 33. Rh1 Rf2 34. Qd1 f5 35. Qe1 Qf6 36. Nc3 Rb7 37. Qe5 Rbxb2+ 38. Ka1 Qxe5 39. Rxe5 Bd4 40. Rc5 Bxc5 41. Nd1 Ra2+ 42. Kb1 Rfc2 43. Rf1 Bd4 0-1

[Event "COL-ch sf 2nd"]
[Site "Tunja"]
[Date "2018.04.20"]
[Round "7"]
[White "Torres Cueto, Jesus Marcial"]
[Black "Rozo, Claudia Magally"]
[Result "1-0"]
[WhiteElo "2017"]
[BlackElo "1688"]
[PlyCount "59"]
[EventDate "2018.04.17"]
[EventType "swiss"]
[EventRounds "10"]
[EventCountry "COL"]
[SourceTitle "CBM 184 Extra"]
[Source "ChessBase"]
[SourceDate "2018.06.28"]
[SourceVersion "1"]
[SourceVersionDate "2018.06.28"]
[SourceQuality "1"]

1. e4 c5 2. Nc3 d6 3. d3 g6 4. g3 Bg7 5. Bg2 e6 6. h4 h5 7. Bg5 Ne7 8. Nh3 f6 9. Be3 Nbc6 10. Qd2 Ne5 11. f3 Qb6 12. 0-0-0 a5 13. f4 Ng4 14. Bg1 a4 15. d4 a3 16. b3 Qb4 17. dxc5 dxc5 18. e5 0-0 19. Ne4 Qxd2+ 20. Rxd2 fxe5 21. Bxc5 Re8 22. Nd6 Rd8 23. Nxc8 Rxd2 24. Nxe7+ Kh7 25. Kxd2 exf4 26. gxf4 Rd8+ 27. Ke2 b6 28. Ng5+ Kh6 29. Nf7+ Kh7 30. Nxd8 1-0

[Event "COL-ch sf"]
[Site "Medellin"]
[Date "2018.03.16"]
[Round "5"]
[White "Argote Heredia, Valentina"]
[Black "Rozo, Claudia Magally"]
[Result "1-0"]
[WhiteElo "1963"]
[BlackElo "1722"]
[PlyCount "21"]
[EventDate "2018.03.14"]
[EventType "swiss"]
[EventRounds "10"]
[EventCountry "COL"]
[SourceTitle "CBM 183 Extra"]
[Source "ChessBase"]
[SourceDate "2018.04.19"]
[SourceVersion "1"]
[SourceVersionDate "2018.04.19"]
[SourceQuality "1"]

1. e4 c5 2. Nf3 d6 3. d4 cxd4 4. Nxd4 Nf6 5. Nc3 a6 6. h3 e5 7. Nb3 Be6 8. Be3 Be7 9. Nd5 Nxd5 10. exd5 Qa5+ 11. Nxa5 1-0

[Event "COL sub zt 2.3.4 (Women)"]
[Site "La Dorada"]
[Date "2016.11.04"]
[Round "4"]
[White "Rozo, Claudia Magally"]
[Black "Medina Barrios, Lina Maria"]
[Result "1-0"]
[WhiteElo "1718"]
[BlackElo "1506"]
[PlyCount "65"]
[EventDate "2016.11.02"]
[EventType "swiss"]
[EventRounds "9"]
[EventCountry "COL"]
[SourceTitle "CBM 175 Extra"]
[Source "ChessBase"]
[SourceDate "2016.12.12"]
[SourceVersion "1"]
[SourceVersionDate "2016.12.12"]
[SourceQuality "1"]

1. d4 Nf6 2. Nf3 e6 3. Bg5 h6 4. Bh4 d5 5. Nbd2 Be7 6. e3 0-0 7. Bd3 Nbd7 8. 0-0 b6 9. Ne5 Nxe5 10. dxe5 Nd7 11. Bxe7 Qxe7 12. f4 c5 13. c3 Bb7 14. Qg4 f5 15. exf6 Rxf6 16. e4 dxe4 17. Nxe4 Bxe4 18. Bxe4 Raf8 19. Rad1 Rd8 20. Rfe1 Nf8 21. Bd5 Rg6 22. Qh3 Qc7 23. f5 Rf6 24. fxe6 Qe7 25. c4 Rd6 26. Rd3 Kh8 27. Rde3 Ng6 28. Rf3 Nf4 29. Qh4 g5 30. Qf2 Nd3 31. Rxf6 Nxf2 32. Rf7 Qe8 33. e7 1-0

[Event "COL sub zt 2.3.4 (Women)"]
[Site "La Dorada"]
[Date "2016.11.04"]
[Round "5"]
[White "Viveros Torres, Erica Johana"]
[Black "Rozo, Claudia Magally"]
[Result "1/2-1/2"]
[WhiteElo "1638"]
[BlackElo "1718"]
[PlyCount "88"]
[EventDate "2016.11.02"]
[EventType "swiss"]
[EventRounds "9"]
[EventCountry "COL"]
[SourceTitle "CBM 175 Extra"]
[Source "ChessBase"]
[SourceDate "2016.12.12"]
[SourceVersion "1"]
[SourceVersionDate "2016.12.12"]
[SourceQuality "1"]

1. e4 c5 2. Nf3 e6 3. d4 cxd4 4. Nxd4 a6 5. Bd3 Nc6 6. Nxc6 bxc6 7. 0-0 e5 8. Be3 Nf6 9. Nd2 d5 10. c4 d4 11. Bg5 h6 12. Bh4 g5 13. Bg3 Nd7 14. Nf3 f6 15. Qa4 Nc5 16. Qc2 Bg4 17. Nd2 Ne6 18. a3 a5 19. Rab1 c5 20. Qa4+ Qd7 21. Qxd7+ Kxd7 22. f3 Bh5 23. Rfc1 Bd6 24. Be1 Rhb8 25. Rc2 Bg6 26. g3 h5 27. Kg2 g4 28. h4 Ra7 29. b3 Rab7 30. Rcb2 a4 31. Nf1 Rxb3 32. Rxb3 Rxb3 33. Rxb3 axb3 34. Nd2 b2 35. Kf2 Bc7 36. Nb3 Kc6 37. fxg4 hxg4 38. Ke2 Ng7 39. Kd1 f5 40. Kc2 fxe4 41. Bf1 Nf5 42. Kxb2 Ne3 43. Nd2 Ba5 44. Kc1 Nxf1 1/2-1/2

[Event "COL sub zt 2.3.4 (Women)"]
[Site "La Dorada"]
[Date "2016.11.02"]
[Round "1"]
[White "Rozo, Claudia Magally"]
[Black "Franco Valencia, Beatriz Irene"]
[Result "0-1"]
[WhiteElo "1718"]
[BlackElo "2204"]
[PlyCount "102"]
[EventDate "2016.11.02"]
[EventType "swiss"]
[EventRounds "9"]
[EventCountry "COL"]
[SourceTitle "CBM 175 Extra"]
[Source "ChessBase"]
[SourceDate "2016.12.12"]
[SourceVersion "1"]
[SourceVersionDate "2016.12.12"]
[SourceQuality "1"]

1. d4 d6 2. Bf4 g6 3. Nf3 Bg7 4. e3 Nd7 5. Nbd2 e5 6. dxe5 dxe5 7. Bg5 f6 8. Bh4 Qe7 9. Bc4 Nb6 10. Bb5+ c6 11. Be2 Nh6 12. e4 0-0 13. 0-0 Be6 14. a4 Rad8 15. c3 g5 16. Bg3 g4 17. Ne1 Rd7 18. Qc2 Rfd8 19. Bd3 a5 20. b3 Rxd3 21. Nxd3 Qd6 22. c4 Qxd3 23. Qxd3 Rxd3 24. Rfd1 Nd7 25. Kf1 Nc5 26. Ke2 Nf7 27. Rab1 Rd7 28. f3 gxf3+ 29. gxf3 Bh6 30. Bh4 Bg5 31. Bxg5 Nxg5 32. Rg1 Kf8 33. h4 Rxd2+ 34. Kxd2 Nxf3+ 35. Kc2 Nxg1 36. Rxg1 Nxe4 37. Re1 Nc5 38. h5 Kf7 39. Rg1 Bf5+ 40. Kb2 Nd3+ 41. Kc3 Nf4 42. Rh1 Bg4 43. h6 Kg6 44. b4 Ne2+ 45. Kb3 Bf3 46. Rh2 Nd4+ 47. Kc3 Ne2+ 48. Kb3 e4 49. bxa5 c5 50. Kc2 Kg5 51. Kd2 Kf4 0-1

[Event "Medellin Navideno op"]
[Site "Medellin"]
[Date "2015.12.11"]
[Round "3"]
[White "Rozo, Claudia Magally"]
[Black "Gomez Vasquez, Laura Sofia"]
[Result "1-0"]
[WhiteElo "1701"]
[BlackElo "1625"]
[PlyCount "43"]
[EventDate "2015.12.10"]
[EventType "swiss"]
[EventRounds "7"]
[EventCountry "COL"]
[SourceTitle "CBM 169 Extra"]
[Source "ChessBase"]
[SourceDate "2015.12.18"]
[SourceVersion "1"]
[SourceVersionDate "2015.12.18"]
[SourceQuality "1"]

1. d4 d5 2. Nf3 Nf6 3. Bf4 e6 4. Nbd2 Nbd7 5. e3 Be7 6. Bd3 c5 7. c3 0-0 8. Qe2 c4 9. Bc2 b5 10. e4 dxe4 11. Nxe4 Bb7 12. Nxf6+ Nxf6 13. Ne5 Rc8 14. a4 a6 15. Rg1 Qd5 16. g4 b4 17. f3 bxc3 18. bxc3 Qa5 19. Bd2 Qd5 20. g5 Nd7 21. Be4 Qa5 22. Bxb7 1-0

[Event "Pan American-ch U18 Girls"]
[Site "Cali"]
[Date "2015.07.01"]
[Round "5"]
[White "Rodriguez, Camila"]
[Black "Rozo, Claudia Magally"]
[Result "0-1"]
[WhiteElo "1498"]
[BlackElo "1703"]
[PlyCount "70"]
[EventDate "2015.06.28"]
[EventType "swiss"]
[EventRounds "9"]
[EventCountry "COL"]
[SourceTitle "EXT 2016"]
[Source "ChessBase"]
[SourceDate "2015.10.08"]
[SourceVersion "1"]
[SourceVersionDate "2015.10.08"]
[SourceQuality "1"]

1. d4 d5 2. Nf3 Nf6 3. Bf4 c6 4. e3 Bf5 5. Bd3 Bxd3 6. Qxd3 Ne4 7. Nbd2 Nxd2 8. Qxd2 Nd7 9. Ne5 e6 10. Nxd7 Qxd7 11. Be5 f6 12. Bg3 Bd6 13. Bxd6 Qxd6 14. c3 0-0 15. 0-0 e5 16. Qe2 Rae8 17. Rae1 f5 18. Qh5 Re6 19. g3 Rh6 20. Qe2 e4 21. Kg2 Qe6 22. Rh1 f4 23. exf4 Qh3+ 24. Kg1 Rxf4 25. Qf1 Qxf1+ 26. Kxf1 Rf3 27. Ke2 g5 28. h4 gxh4 29. Rxh4 Rxh4 30. gxh4 Rh3 31. Rg1+ Kf7 32. Rg4 h5 33. Rf4+ Kg7 34. Rf5 Rxh4 35. Re5 Kf7 0-1

[Event "Tercer Piso op"]
[Site "Tercer Piso"]
[Date "2015.03.23"]
[Round "6"]
[White "Garvin, Ricardo Luis"]
[Black "Rozo, Claudia Magally"]
[Result "0-1"]
[WhiteElo "1683"]
[BlackElo "1857"]
[PlyCount "54"]
[EventDate "2015.03.21"]
[EventType "swiss"]
[EventRounds "7"]
[EventCountry "COL"]
[SourceTitle "CBM 165 Extra"]
[Source "ChessBase"]
[SourceDate "2015.04.21"]
[SourceVersion "1"]
[SourceVersionDate "2015.04.21"]
[SourceQuality "1"]

1. e4 c5 2. Nf3 d6 3. d4 cxd4 4. Nxd4 Nf6 5. Nc3 a6 6. Bg5 e6 7. f4 Be7 8. Qf3 Qc7 9. 0-0-0 Nbd7 10. Be2 b5 11. Bxf6 Nxf6 12. e5 Bb7 13. exf6 Bxf3 14. fxg7 Rg8 15. Bxf3 d5 16. Bxd5 Qxf4+ 17. Kb1 Rc8 18. Bb7 Rxc3 19. bxc3 Rxg7 20. Bc6+ Kf8 21. Nxe6+ fxe6 22. Rhf1 Rf7 23. Rxf4 Rxf4 24. Bb7 b4 25. Bxa6 bxc3 26. Rf1 Rxf1+ 27. Bxf1 Ba3 0-1

[Event "Mosquera op (Women)"]
[Site "Mosquera"]
[Date "2014.11.03"]
[Round "9"]
[White "Rozo, Claudia Magally"]
[Black "Cespedes Galindo, Estefania"]
[Result "0-1"]
[WhiteElo "1623"]
[BlackElo "1809"]
[PlyCount "46"]
[EventDate "2014.10.30"]
[EventType "swiss"]
[EventRounds "9"]
[EventCountry "COL"]
[SourceTitle "EXT 2015"]
[Source "ChessBase"]
[SourceDate "2014.11.20"]
[SourceVersion "1"]
[SourceVersionDate "2014.11.20"]
[SourceQuality "1"]

1. d4 Nf6 2. Nf3 e6 3. Bg5 Be7 4. Nbd2 d5 5. e3 Nbd7 6. Bd3 0-0 7. Ne5 Nxe5 8. dxe5 Nd7 9. Bxe7 Qxe7 10. Nf3 b6 11. 0-0 Bb7 12. c3 f6 13. exf6 Rxf6 14. Qe2 Nc5 15. Bc2 Ba6 16. Qd1 Bxf1 17. Qxf1 Raf8 18. b4 Ne4 19. Qd3 Rxf3 20. gxf3 Qg5+ 21. Kf1 Rxf3 22. Ke1 Rxf2 23. Qxe4 Qg1# 0-1

[Event "Mosquera op (Women)"]
[Site "Mosquera"]
[Date "2014.10.30"]
[Round "1"]
[White "Benavides Moncayo, Olga"]
[Black "Rozo, Claudia Magally"]
[Result "1-0"]
[WhiteElo "1933"]
[BlackElo "1623"]
[PlyCount "77"]
[EventDate "2014.10.30"]
[EventType "swiss"]
[EventRounds "9"]
[EventCountry "COL"]
[SourceTitle "EXT 2015"]
[Source "ChessBase"]
[SourceDate "2014.11.20"]
[SourceVersion "1"]
[SourceVersionDate "2014.11.20"]
[SourceQuality "1"]

1. e4 c5 2. c3 d6 3. d4 cxd4 4. cxd4 Nf6 5. Nc3 a6 6. Nf3 e6 7. Bd3 Nc6 8. 0-0 Be7 9. Bg5 h6 10. Bh4 Qb6 11. e5 Nd7 12. Bxe7 Nxe7 13. Na4 Qc7 14. Rc1 Qb8 15. Bb1 b5 16. exd6 Qxd6 17. Nc5 Nd5 18. Re1 0-0 19. Qd3 N7f6 20. Ne4 Qb8 21. Ne5 Bb7 22. Nxf6+ Nxf6 23. Nd7 Be4 24. Nxf6+ gxf6 25. Qxe4 f5 26. Qe5 Qb6 27. Re3 Kh7 28. Qf6 Qd8 29. Qxd8 Rfxd8 30. Rd3 Kg6 31. f4 h5 32. Kf2 Kf6 33. a3 a5 34. Ba2 Rd6 35. Ke3 Rg8 36. Rd2 b4 37. a4 Rb6 38. Bc4 Rc8 39. b3 1-0

[Event "Pan American Amateur-ch"]
[Site "San Andres Islas"]
[Date "2014.08.29"]
[Round "6"]
[White "Rozo, Claudia Magally"]
[Black "Chaux, Jesus David"]
[Result "1/2-1/2"]
[WhiteElo "1530"]
[BlackElo "1801"]
[PlyCount "60"]
[EventDate "2014.08.26"]
[EventType "swiss"]
[EventRounds "9"]
[EventCountry "COL"]
[SourceTitle "EXT 2016"]
[Source "ChessBase"]
[SourceDate "2015.10.08"]
[SourceVersion "1"]
[SourceVersionDate "2015.10.08"]
[SourceQuality "1"]

1. d4 Nf6 2. Nf3 g6 3. Bg5 Bg7 4. Nbd2 0-0 5. e4 d6 6. Bd3 c5 7. c3 Nbd7 8. 0-0 Ne8 9. Qc2 Nc7 10. d5 f6 11. Bf4 Ne5 12. Nxe5 fxe5 13. Be3 e6 14. c4 g5 15. h3 h5 16. Nf3 g4 17. hxg4 hxg4 18. Ng5 Bf6 19. Qd2 Qe8 20. Be2 Qh5 21. dxe6 Bxg5 22. Bxg5 Nxe6 23. f4 Rf7 24. Qxd6 Rh7 25. Kf2 Nxg5 26. Qd8+ Kf7 27. Qxg5 Qxg5 28. fxg5 Kg6 29. Rad1 Kxg5 30. Rd5 Rf7+ 1/2-1/2

[Event "Pan American Amateur-ch"]
[Site "San Andres Islas"]
[Date "2014.08.28"]
[Round "4"]
[White "Aldana, Omar"]
[Black "Rozo, Claudia Magally"]
[Result "1-0"]
[WhiteElo "1880"]
[BlackElo "1530"]
[PlyCount "80"]
[EventDate "2014.08.26"]
[EventType "swiss"]
[EventRounds "9"]
[EventCountry "COL"]
[SourceTitle "EXT 2016"]
[Source "ChessBase"]
[SourceDate "2015.10.08"]
[SourceVersion "1"]
[SourceVersionDate "2015.10.08"]
[SourceQuality "1"]

1. d4 d5 2. c4 c6 3. Nc3 e6 4. e3 Nf6 5. Nf3 Nbd7 6. Bd3 dxc4 7. Bxc4 b5 8. Bd3 a6 9. Bd2 c5 10. Rc1 Bb7 11. a3 Be7 12. 0-0 0-0 13. Ne1 cxd4 14. exd4 Nd5 15. Ne4 Qb6 16. Nf3 Rac8 17. Qe2 h6 18. b4 Rfd8 19. Nc5 N7f6 20. Rfe1 Bd6 21. Ne5 Bb8 22. Nxb7 Qxb7 23. Rc5 Ba7 24. Rxc8 Rxc8 25. Nf3 Qd7 26. h3 Ne7 27. Be3 Nc6 28. Rc1 Ne7 29. Rxc8+ Qxc8 30. Kh2 Qc3 31. g3 Nfd5 32. Kg2 Nc6 33. Qc2 Qxc2 34. Bxc2 Kf8 35. Kf1 Ke7 36. Ke2 Kd6 37. Kd3 Bb6 38. Nd2 a5 39. bxa5 Bxa5 40. Ne4+ Ke7 1-0